Quizzes
Events
Quiz Creation
Community
Videos
Private Events
Remove Ads
Sign In
Join for FREE
Feedback
Dark Mode
Quiz Categories
Sports
Geography
Music
Movies
Television
Just For Fun
Miscellaneous
History
Literature
Language
Science
Gaming
Entertainment
Religion
Holiday
For Kids
Quiz Lab
Recent
Popular Today
Quiz Kudos Today
Editor Picks
Curator Picks
Quizzes by...
Day
Popularity
Type
Ratings
Length
Year
Community
Subscriptions
Recent Discussions
Orange Saloon
Badges
Playlists
Quests
Create
Leaderboards
Showdown
Live 5
Trivia Bingo
Activity
Puzzle Library
Sporcle Events
Private Events
Virtual Trivia
Globe League
Become a Host
Pub Owners
SporcleCon
Opinionation
Our Games
Videos
Blog
Mobile Apps
Partnerships
Remove Ads and Go Orange
Feedback
Sports
Athletes
MLB
NBA
NHL
NFL
Soccer
Sports Teams
WWE
NCAA
Football
Premier League
Basketball
Baseball
Hockey
Golf
Tennis
Cricket
Rugby
Auto Racing
Olympics
World Cup
Sports
Athletes
MLB
NBA
NHL
NFL
Soccer
Sports Teams
WWE
NCAA
Football
Premier League
Basketball
Baseball
Hockey
Golf
Tennis
Cricket
Rugby
Auto Racing
Olympics
World Cup
Random Quiz
Search Sporcle
×
Quiz Lab
Quiz Lab
Sports
matt
Type in answers that appear in a list
Type in answers that appear in a list
Classic
Best Score? Go Orange.
Matt Hardy PPV Opponents Stats
Can you name the Matt Hardy PPV Opponents?
By
Batista112
15m
223 Questions
954 Plays
954 Plays
954 Plays
Comments
Comments
Give Quiz Kudos
Give Quiz Kudos
-
- Ratings
hide this ad
Replay
Link that replays current quiz
Next Quiz
Link to next quiz in quiz playlist
You Got
0%
They Got
Avg Score
76%
Avg Friend Score
Upgrade to see
Score Distribution
Jump to the score distribution portion of the page
Score
0/223
Timer
15:00
0
Plays Today
PPV
Opponent
% Correct
WWF King of the Ring 1999
Edge
97.6%
WWF SummerSlam 1999
Edge
97.5%
WWF No Mercy 1999
Edge
97.5%
WWF No Way Out 2000
Edge
97.5%
WWF WrestleMania 2000
Edge
97.5%
WWF Insurrextion 2000
Edge
97.5%
WWF King of the Ring 2000
Edge
97.5%
WWF SummerSlam 2000
Edge
97.5%
WWF Unforgiven 2000
Edge
97.5%
WWF No Mercy 2000
Edge
97.5%
WWF Survivor Series 2000
Edge
97.5%
WWF WrestleMania X-
Seven 2001
Edge
97.5%
WWF Insurrextion 2001
Edge
97.5%
WWE SummerSlam 2005
Edge
97.5%
WWE Unforgiven 2005
Edge
97.5%
WWE Survivor Series 2006
Edge
97.5%
WWE WrestleMania 23 2007
Edge
97.5%
WWE Royal Rumble 2010 (Winner)
Edge
97.5%
WWF SummerSlam 1999
Christian
96.6%
WWF No Mercy 1999
Christian
96.6%
WWF No Way Out 2000
Christian
96.6%
WWF WrestleMania 2000
Christian
96.6%
WWF Insurrextion 2000
Christian
96.6%
WWF King of the Ring 2000
Christian
96.6%
WWF SummerSlam 2000
Christian
96.6%
WWF Unforgiven 2000
Christian
96.6%
WWF No Mercy 2000
Christian
96.6%
WWF Survivor Series 2000
Christian
96.6%
WWF WrestleMania X-
Seven 2001
Christian
96.6%
WWF Backlash 2001
Christian
96.6%
WWF Insurrextion 2001
Christian
96.6%
WWF No Way Out 2002
Christian
96.6%
WWE WrestleMania XXVI 2010
Christian
96.6%
WWE Money in the Bank 2010
Christian
96.6%
WWF Backlash 2000
Jeff Hardy
94.2%
WWF Vengeance 2001
Jeff Hardy
94.2%
WWE WrestleMania 23 2007
Jeff Hardy
94.2%
WWE WrestleMania XXV 2009
Jeff Hardy
94.2%
WWE Backlash 2009
Jeff Hardy
94.2%
WWF Royal Rumble 2000
Bubba Ray Dudley
93.3%
WWF WrestleMania 2000
Bubba Ray Dudley
93.3%
WWF SummerSlam 2000
Bubba Ray Dudley
93.3%
WWF WrestleMania X-
Seven 2001
Bubba Ray Dudley
93.3%
WWF Insurrextion 2001
Bubba Ray Dudley
93.3%
WWF Unforgiven 2001
Bubba Ray Dudley
93.3%
WWF Rebellion 2001
Bubba Ray Dudley
93.3%
WWF Survivor Series 2001
Bubba Ray Dudley
93.3%
WWF No Way Out 2002
Bubba Ray Dudley
93.3%
WWF WrestleMania X8 2002
Bubba Ray Dudley
93.3%
WWF Royal Rumble 2000
D-Von Dudley
93.2%
WWF WrestleMania 2000
D-Von Dudley
93.2%
WWF SummerSlam 2000
D-Von Dudley
93.2%
WWF WrestleMania X-
Seven 2001
D-Von Dudley
93.2%
WWF Insurrextion 2001
D-Von Dudley
93.2%
WWF Unforgiven 2001
D-Von Dudley
93.2%
WWF Rebellion 2001
D-Von Dudley
93.2%
WWF Survivor Series 2001
D-Von Dudley
93.2%
WWF No Way Out 2002
D-Von Dudley
93.2%
WWF WrestleMania X8 2002
D-Von Dudley
93.2%
WWE Vengeance 2004
Kane
92.5%
WWE SummerSlam 2004
Kane
92.5%
WWE WrestleMania XXVI 2010
Kane
92.5%
WWE Money in the Bank 2010
Kane
92.5%
WWF Unforgiven 2001
Spike Dudley
91.5%
WWF Royal Rumble 2002 (Winner)
Triple H
90%
WWE Bragging Rights 2009
Triple H
90%
WWE Royal Rumble 2007 (Winner)
The Undertaker
88.9%
WWF Fully Loaded 1999
Bradshaw
87.3%
WWF Armageddon 1999 (Winner)
Bradshaw
87.3%
WWF Rebellion 2001
Bradshaw
87.3%
WWF WrestleMania X8 2002
Bradshaw
87.3%
WWE Vengeance 2003 (Winner)
Bradshaw
87.3%
WWE Armageddon 2005
JBL
87.3%
WWE Survivor Series 2006
Randy Orton
87%
WWE WrestleMania 23 2007
Randy Orton
87%
PPV
Opponent
% Correct
WWE Survivor Series 2008
Randy Orton
87%
WWE WrestleMania XIX 2003
Rey Mysterio
85.4%
WWE Royal Rumble 2006 (Winner)
Rey Mysterio
85.4%
WWE Royal Rumble 2004 (Winner)
Chris Benoit
85.2%
WWF Armageddon 2000
Eddie Guerrero
83.8%
WWF Backlash 2001
Eddie Guerrero
83.8%
WWE WrestleMania 22 2006
Rob Van Dam
83.5%
WWE No Way Out 2007
Montel Vontavious Porter
83.5%
WWE The Great American Bash 2007
Montel Vontavious Porter
83.5%
WWE Backlash 2008
Montel Vontavious Porter
83.5%
WWE Extreme Rules 2009
Montel Vontavious Porter
83.5%
WWE WrestleMania XXVI 2010
Montel Vontavious Porter
83.5%
TNA Genesis 2011
Rob Van Dam
83.5%
TNA Against All Odds 2011
Rob Van Dam
83.5%
WWF Unforgiven 2001
Big Show
82.9%
WWE Bragging Rights 2009
Big Show
82.9%
WWE Money in the Bank 2010
Big Show
82.9%
WWE Night of Champions 2008
Chavo Guerrero
82.2%
WWE Unforgiven 2008
Chavo Guerrero
82.2%
WWE WrestleMania 23 2007
CM Punk
82.1%
WWE No Way Out 2006
Johnny Nitro
81.9%
WWE Survivor Series 2006
Johnny Nitro
81.9%
WWE December to Dismember 2006
Johnny Nitro
81.9%
WWE Armageddon 2006
Johnny Nitro
81.9%
WWE Royal Rumble 2007
Johnny Nitro
81.9%
WWE No Way Out 2007
Johnny Nitro
81.9%
WWE WrestleMania 22 2006
Shelton Benjamin
80.7%
WWE One Night Stand 2007
Shelton Benjamin
80.7%
WWE The Great American Bash 2008
Shelton Benjamin
80.7%
WWE Survivor Series 2008
Shelton Benjamin
80.7%
WWE WrestleMania XXVI 2010
Shelton Benjamin
80.7%
WWF Royal Rumble 2001 (Winner)
Steve Austin
79.8%
WWE WrestleMania 22 2006
Finlay
78.6%
WWE WrestleMania 23 2007
Finlay
78.6%
WWE Unforgiven 2008
Finlay
78.6%
WWF Insurrextion 2002
Brock Lesnar
78.4%
WWE Judgment Day 2002
Brock Lesnar
78.4%
WWE Royal Rumble 2003 (Winner)
Brock Lesnar
78.4%
WWE SummerSlam 2008
Mark Henry
78.4%
WWE Unforgiven 2008
Mark Henry
78.4%
WWE No Mercy 2008
Mark Henry
78.4%
WWE Survivor Series 2008
Mark Henry
78.4%
WWE Bragging Rights 2009
Mark Henry
78.4%
WWE Rebellion 2002
Booker T
77.9%
WWE WrestleMania 23 2007
Booker T
77.9%
WWE WrestleMania 22 2006
Ric Flair
77.8%
WWF King of the Ring 2000
Test
76.7%
WWF Fully Loaded 2000
Test
76.7%
WWF No Way Out 2002
Billy
76%
WWF WrestleMania X8 2002
Billy
76%
WWF Fully Loaded 1999
Faarooq
75.8%
WWF Armageddon 1999 (Winner)
Faarooq
75.8%
WWF Rebellion 2001
Faarooq
75.8%
WWF WrestleMania X8 2002
Faarooq
75.8%
WWE WrestleMania 23 2007
Mr. Kennedy
75.8%
WWE Unforgiven 2008
The Miz
75.2%
WWE Survivor Series 2009
The Miz
75.2%
WWE Armageddon 2006
William Regal
74%
WWE Survivor Series 2008
William Regal
74%
WWE Extreme Rules 2009
William Regal
74%
WWE No Way Out 2006
Joey Mercury
73.4%
WWE December to Dismember 2006
Joey Mercury
73.4%
WWE Armageddon 2006
Joey Mercury
73.4%
WWE Royal Rumble 2007
Joey Mercury
73.4%
WWE No Way Out 2007
Joey Mercury
73.4%
WWE Bragging Rights 2009
Shawn Michaels
73.3%
WWF Unforgiven 2001
Lance Storm
72%
WWF No Mercy 2001
Lance Storm
72%
WWF No Way Out 2002
Lance Storm
72%
TNA Lockdown 2011
James Storm
71.4%
TNA Sacrifice 2011
James Storm
71.4%
WWF King of the Ring 2000
Albert
69.9%
WWF Fully Loaded 2000
Albert
69.9%
WWF Survivor Series 1999
Crash Holly
69.3%
WWF Survivor Series 1999
Hardcore Holly
69.3%
PPV
Opponent
% Correct
WWF Backlash 2000
Crash Holly
69.3%
WWF Backlash 2000
Hardcore Holly
69.3%
WWE WrestleMania 22 2006
Bobby Lashley
69.3%
WWF Unforgiven 2001
The Hurricane
68.4%
WWF No Mercy 2001
The Hurricane
68.4%
WWE The Great American Bash 2006
Gregory Helms
68.4%
WWE No Mercy 2006
Gregory Helms
68.4%
WWE Survivor Series 2006
Gregory Helms
68.4%
WWE One Night Stand 2007
Charlie Haas
68.1%
WWE Royal Rumble 2009
Jack Swagger
67.9%
WWE Bragging Rights 2009
Jack Swagger
67.9%
WWE Survivor Series 2009
Jack Swagger
67.9%
WWE WrestleMania XXVI 2010
Jack Swagger
67.9%
WWF No Way Out 2002
Chuck
67.4%
WWF WrestleMania X8 2002
Chuck
67.4%
WWF Insurrextion 2001
X-Pac
67.3%
WWF Judgment Day 2001
X-Pac
67.3%
WWF Survivor Series 1999
Scotty Too Hotty
67%
WWF King of the Ring 2000
Scotty Too Hotty
67%
WWE Extreme Rules 2009
Kofi Kingston
66.6%
WWE Bragging Rights 2009
Kofi Kingston
66.6%
WWE WrestleMania XXVI 2010
Kofi Kingston
66.6%
WWE Money in the Bank 2010
Kofi Kingston
66.6%
WWF Survivor Series 1999
Grandmaster Sexay
65.7%
WWF King of the Ring 2000
Grandmaster Sexay
65.7%
WWE Survivor Series 2008
Cody Rhodes
63.6%
WWE Bragging Rights 2009
Cody Rhodes
63.6%
WWE Money in the Bank 2010
Cody Rhodes
63.6%
WWF King of the Ring 1999
Gangrel
62.9%
WWF Backlash 2000
Perry Saturn
60.4%
WWF Armageddon 2000
Perry Saturn
60.4%
WWE Armageddon 2006
Brian Kendrick
60.3%
WWF Armageddon 2000
Dean Malenko
60.2%
WWE Armageddon 2006
Paul London
59.6%
TNA Victory Road 2011
AJ Styles
58.8%
TNA Lockdown 2011
Robert Roode
58.1%
TNA Sacrifice 2011
Robert Roode
58.1%
WWE Survivor Series 2009
Dolph Ziggler
57.8%
WWE WrestleMania XXVI 2010
Dolph Ziggler
57.8%
WWE Money in the Bank 2010
Dolph Ziggler
57.8%
WWE Backlash 2007
Lance Cade
57.5%
WWE Judgment Day 2007
Lance Cade
57.5%
WWE Vengeance: Night of Champions 2007
Lance Cade
57.5%
WWE Survivor Series 2009
Sheamus
57%
WWE Backlash 2007
Trevor Murdoch
56.6%
WWE Judgment Day 2007
Trevor Murdoch
56.6%
WWE Vengeance: Night of Champions 2007
Trevor Murdoch
56.6%
WWF Survivor Series 2000
The Goodfather
55%
WWF Rebellion 2000
The Goodfather
55%
WWE Judgment Day 2002
Paul Heyman
53.6%
WWF Fully Loaded 2000
Trish Stratus
53%
WWE Survivor Series 2006
Mike Knox
52.9%
WWE Cyber Sunday 2008
Evan Bourne
52.8%
WWE WrestleMania XXVI 2010
Evan Bourne
52.8%
WWE Survivor Series 2009
Drew McIntyre
52.7%
WWE WrestleMania XXVI 2010
Drew McIntyre
52.7%
WWE Money in the Bank 2010
Drew McIntyre
52.7%
WWE Armageddon 2006
Dave Taylor
51.2%
WWF Survivor Series 2000
Bull Buchanan
49.3%
WWF Rebellion 2000
Bull Buchanan
49.3%
WWF Insurrextion 2001
Justin Credible
49.3%
WWF Judgment Day 2001
Justin Credible
49.3%
WWF Backlash 2000
Tazz
49.1%
WWE Taboo Tuesday 2005
Chris Masters
49%
WWE No Way Out 2003
Billy Kidman
48.3%
WWE Taboo Tuesday 2005
Gene Snitsky
42.6%
TNA Lockdown 2011
Christopher Daniels
38.7%
WWE Armageddon 2008
Vladimir Kozlov
36.4%
WWE Unforgiven 2007
Deuce
35.7%
WWF Insurrextion 2002
Shawn Stasiak
35.6%
WWE Unforgiven 2007
Domino
35.6%
TNA Lockdown 2011
Kazarian
35.2%
WWE No Mercy 2003
Zach Gowen
22.5%
Quiz Playlist
Details
Report
Send in Message
Add To Playlist
Classic:
Type in answers that appear in a list
Last Updated: Feb 16, 2017
Quiz Scoreboard
CHALLENGE
Sign Up to Join the Scoreboard
Show All
Scores
Hide
Comments
May contain spoilers
Recently Published
Presidents Visiting Landmarks
by Hejman
History
7m
An Introduction to Baseball
by treessimontrees
Sports
5m
Movies - When Are They Set?
by FPL_Elf
Movies
5m
More to Explore
Quiz From the Vault
Featured Blog Post
Where Did the Easter Bunny Come From?
hide this ad
You Might Also Like...
Tags
Hardy
matt
opponent
PPV
PPV Opponents
Today's Top Quizzes in Sports
Browse Sports
hide this ad
Today's Top Quizzes in matt
Browse matt
Top Contributed Quizzes in Sports
1
Les meilleurs buteurs des matchs entre le PSG et l’OM
2
2022 World Cup Stars
3
FIFA Club World Cup Champions
4
Les entraîneurs de l'OM et du PSG au 21e siècle
5
Name the Premier League winners with different clubs
6
La finale Lions - Afrique du Sud 2021
7
5-to-1: UK Sports Teams
8
England Test cricketers to play under Nasser Hussain
9
Players with Multiple 50 Home Run Seasons
10
AFC Teams Reveal (Wrong Answers Minefield)
Explore More
Trending Topics
Crossword
NBA
Anime
Marvel
Disney
Harry Potter
Kpop
The Office
Pokémon
Soccer
Country
NFL
Song
Puzzle
WWE
hide this ad
More By:
Batista112
Quiz
Plays
Rating
Category
Featured
Created
Top 200 Most Matches in WWE History
2,492
3.17
Sports
Jan 20, 2012
Scott Steiner PPV Opponents
1,215
4.67
Sports
Feb 20, 2012
Matt Hardy PPV Opponents
954
3.83
Sports
Feb 20, 2012
Bubba Ray Dudley PPV Opponents
530
5.00
Sports
Jan 24, 2012
D'Lo Brown PPV Opponents
400
4.00
Sports
Jan 18, 2012
Go to Creator's Profile
Score Distribution
Quiz Creator Spotlight
Batista112
Follow
Send a Message
Quizzes Created
-
Created Quiz Play Count
-
More By This Creator
Popular Quizzes Today
1
Find the US States - No Outlines Minefield
2
Find the Countries of Europe - No Outlines Minefield
3
The Countries of the World
4
Find the US States
5
Popular People in 1961
6
US States
7
Risky Map Clicking: Biggest States A-Z
8
1-10 Letter E Words III
More Sports Quizzes
Build a Super Team: AFC
Curator's Pick
Trending Quizzes
Risky Map Clicking: Least Populous States A-Z
1-10 Letter G Words
1-10 Letter F Words
Risky Map Clicking: Next State Alphabetically
Risky Map Clicking: Biggest States A-Z
Recently Updated
Leaping Animals
pecheneg
Reality TV Shows (A-Z)
bhenderson79
Rickey Henderson's Hall of Fame Teammates
pecheneg
Champions League XIs: Arsenal
pecheneg
Quick Pick: Celebrities in WWE's Hall of Fame
aduchscher
A-Z Keypad Blitz II
pecheneg
Multiple Oscar Actors
pecheneg
Mystery Phrase Blitz: Oscar 'Best Actors'
pecheneg
F. Scott Fitzgerald Novels
LTH
Pick 3 Villains
ddd62291
Trending Topics
Disney
Harry Potter
NBA
Anime
Marvel
Kpop
Crossword
WWE
The Office
Soccer
NFL
Song
Country
Pokémon
Puzzle
Your Account Isn't Verified!
In order to create a playlist on Sporcle, you need to verify the email address you used during registration. Go to your
Sporcle Settings
to finish the process.
Report this User
Report this user for behavior that violates our
Community Guidelines
.
Details:
Send Report
Go to the Sporcle.com Mobile Site →
Comments